000 00663nam a2200229Ia 4500
008 160418s9999 xx 000 0 und d
020 _a971-725-086-3
050 _aFIL PL 5531
050 _b.O76 2002
100 _aOrnos, Petra S.
245 2 _aA Glimpse of Philippine literature :
245 _bin English (1900-present) /
245 _cPetra S. Ornos, Susan R. Antonio.
260 _aMakati City:
260 _bGrandwater Pub.,
260 _c2002
300 _a322 pages :
300 _billustrations ;
300 _c22 cm.
650 _aPhilippine literature (English) -- History and criticism.
650 _xPhilippine literature (English).
999 _c293602
_d293602